Statistics for Largest Cities in the Baltic States on a Map

Click here to take the quiz!

General Stats

  • This quiz has been taken 1,291 times
    (1,041 since last reset)
  • The average score is 9 of 15

Answers on the Map

Answers color-coded by a green-red scale on the quiz's map according to % correct below.
 

Answer Stats

CategoryPopCity% Correct
Latvia627,487Riga
99%
Estonia437,619Tallinn
99%
Lithuania550,834Vilnius
98%
Lithuania289,364Kaunas
82%
Estonia92,972Tartu
73%
Lithuania149,116Klaipėda
70%
Latvia82,046Daugavpils
62%
Estonia54,409Narva
55%
Estonia39,605Pärnu
52%
Latvia68,535Liepāja
46%
Latvia49,687Jūrmala
43%
Lithuania101,511Šiauliai
43%
Latvia56,062Jelgava
37%
Lithuania85,895Panevėžys
37%
Lithuania49,895Alytus
33%

Score Distribution

Percentile by Number Answered

Percent of People with Each Score

Your Score History

You have not taken this quiz since the last reset